000 00492nam a22001457a 4500
999 _c11694
_d11694
008 160711b xxu||||| |||| 00| 0 eng d
020 _a9781570628559
050 _aBD 431 .W5155 2000
100 _aWilber, Ken
245 _aA Theory of Everything/
_bAn Integral Vision for Business, Politics, Science and Spirituality/
260 _aBoston:
_bShambhala,
_c2000.
300 _axiii 189p. ;
_bill. ;
_c24 cm
500 _aincludes index
650 _aLife
942 _2lcc
_cBOOKS
_hBD 431 .W5155 2000